000 00547nam a2200181Ia 4500
999 _c13781
_d13781
003 OSt
005 20201021101603.0
008 190216s9999||||xx |||||||||||||| ||und||
020 _a0195630262
040 _coclc
082 _a809.933538
_bKAK/T
100 _aKakar, Sudhir
_95306
245 0 _aTales Of Love, Sex And Danger /
_cSudhir Kakar ; John M Ross
260 _bOxford University Press ,
_c1992.
_aBombay:
300 _a249p
650 _aEnglish General
942 _cBK
_2ddc
_h809.933538
_iKAK/T
_k809.933538
_mKAK/T